Les Etats-Unis en 10 dates - Statistiques

Statistiques générales
  • Ce quiz a été pris 54 fois
  • Le résultat moyen est 8 sur 10
Statistiques - réponses
Indices Réponses % Correct
En quelle année les Etats-Unis ont-ils subi une attaque terroriste menée par Ben Laden ? 2001
100%
En quelle année Donald Trump s'est il fait élire (premier mandat) ? 2016
100%
En quelle année les Etats-Unis sont-ils entrés dans la Seconde Guerre Mondiale ? 1941
98%
En quelle année John F Kennedy s'est-il fait assassiné ? 1963
98%
En quelle année a eu lieu la déclaration d'indépendance des Etats-Unis ? 1776
94%
En quelle année Neil Armstrong a-t-il posé le pied sur la Lune ? 1969
90%
En quelle année a eu lieu le scandale du Watergate, conduisant à la démission de Nixon ? 1972
80%
En quelle année George Washington a-t-il été élu Président des USA ? 1789
78%
En quelle année Abraham Lincoln s'est-il fait assassiné ? 1865
57%
En quelle année commença la conception du Mont Rushmore ? 1927
27%
Aucun quiz correspondant
Distribution des résultats
% des personnes avec chaque résultat
Percentile par nombre de réponses
Votre historique - résultats
Vous n’avez pas pris ce quiz